| 000 | 01313nam a2200265Ia 4500 | ||
|---|---|---|---|
| 999 |
_c4809 _d4809 |
||
| 003 | OSt | ||
| 005 | 20200505123817.0 | ||
| 008 | 191128s2010 ck a gr 000 0 spa d | ||
| 020 | _a9789589177334 | ||
| 040 |
_aCO-JMCR _cCO-JMCR |
||
| 041 | 0 | _aspa | |
| 082 | 0 | 4 |
_a306.09861 / _bM351c |
| 100 | 1 |
_aMoreno Zapata, Paula Marcela, _eautora _93945 |
|
| 245 | 1 | 0 |
_aCompendio de políticas culturales / _cMoreno Zapata, Paula Marcela, |
| 250 | _aPrimera edición | ||
| 260 |
_aBogotá : _bMinisterio de Cultura, _c2010 |
||
| 300 |
_a655 páginas : _btablas ; _c28 cm. |
||
| 505 | _aContextos -- Las políticas culturales en Colombia -- Políticas -- Política para la gestión, protección y salvaguardia del patrimonio cultural -- Política de lectura y bibliotecas -- Política de concertación -- Política de gestión internacional de cultura | ||
| 520 | _aTodo acto cultural tiene consecuencias. Y toda política cultural deja un legado capaz de transformar a la sociedad. De las inmensas repercusiones de un acto, en apariencia lateral, puede dar fe la Real Expedición Botánica. | ||
| 650 | 1 | 4 |
_aAdministración cultural _zColombia _93946 |
| 650 | 2 | 4 |
_aPolítica cultural _zColombia _93947 |
| 650 | 2 | 4 |
_aAcción cultural _zColombia _93948 |
| 650 | 2 | 4 |
_aDesarrollo cultural _zColombia _93949 |
| 942 |
_2ddc _cBK |
||